Seznam klíčových slov

Gespeichert in:
Bibliographische Detailangaben
Format: Buch
Sprache:Tschechisch
Veröffentlicht: Praha Ekon. ústav ČSAV 1990
Ausgabe:1. vyd.
Tags: Tag hinzufügen
Keine Tags, Fügen Sie das erste Tag hinzu!

MARC

LEADER 00000nam a2200000 4500
001 c040727
005 20221215120659.7
041 0 |a cze 
044 |a CZ 
245 1 0 |a Seznam klíčových slov 
250 |a 1. vyd. 
264 1 |a Praha  |b Ekon. ústav ČSAV  |c 1990 
300 |a 42 s.